00283nam a2200109Ia 4500008004100000100000900041245005600050260002700106650001500133942000800148999001700156190216s9999||||xx |||||||||||||| ||und|| aNull 0aUpsc Pamphlet For Indian Navy Examination July 1974 bA Paradise Publication aReferences cREF c35688d35688